Get the Picture: Horizontal or Vertical Flag II Quiz Stats

 Plays Quiz Updated Oct 11, 2019

Score 0/14 Timer 03:00
4 Plays Today
Question Answer Wrong Answers
Italy Vertical
87.3%
Horizontal
7.7%
Belgium Vertical
77.3%
Horizontal
17.7%
Germany Horizontal
75.3%
Vertical
19%
Nigeria Vertical
72.8%
Horizontal
22.2%
El Salvador Horizontal
71.1%
Vertical
23.9%
Lebanon Horizontal
70.6%
Vertical
24.2%
Iran Horizontal
70.4%
Vertical
24.5%
Peru Vertical
68.5%
Horizontal
26.4%
Moldova Vertical
67.9%
Horizontal
26.8%
Laos Horizontal
67.3%
Vertical
27.2%
Bolivia Horizontal
63.8%
Vertical
31.1%
Guinea Vertical
58.9%
Horizontal
35.7%
Guatemala Vertical
49.5%
Horizontal
45.2%
Ghana Horizontal
46.7%
Vertical
48.2%

Today's Daily Dose

Missing Word
Banned Books (A-Z)

Word Ladder
Janis Joplin

Get the Picture
Occupations

You're not logged in!

Compare scores with friends on all Sporcle quizzes.
OR
Log In

Sporcle TV

Today on Sporcle TV


Watch our educational content, quiz creation guides, and fun videos on Sporcle TV.

Show Comments

Extras

Top Quizzes Today


Score Distribution

Your Account Isn't Verified!

In order to create a playlist on Sporcle, you need to verify the email address you used during registration. Go to your Sporcle Settings to finish the process.

Report this User

Report this user for behavior that violates our Community Guidelines.

Details: